[Event "British CF-72 Championship"]
[Site "Edinburgh"]
[Date "1985.08.06"]
[Round "8"]
[White "Knott, Simon JB"]
[Black "Cummings, David"]
[Result "0-1"]
[WhiteElo "2260"]
[BlackElo "2410"]
[PlyCount "82"]
[GameId "1114898663510016"]
[EventDate "1985.07.29"]
[EventType "swiss"]
[EventRounds "11"]
[EventCountry "SCO"]
[SourceTitle "EXT 1999"]
[Source "ChessBase"]
[SourceDate "1998.11.10"]
[SourceVersion "1"]
[SourceVersionDate "1998.11.10"]
[SourceQuality "1"]

1. c4 b6 2. Nc3 c5 3. Nf3 Bb7 4. d4 cxd4 5. Nxd4 Nf6 6. f3 d6 7. e4 e6 8. Be2 Be7 9. Be3 a6 10. O-O O-O 11. Qe1 Nbd7 12. Qf2 Rc8 13. Rac1 Qe8 14. Rfe1 Bd8 15. Bf1 Ne5 16. b3 Nfd7 17. h3 Nc5 18. Red1 f5 19. exf5 exf5 20. f4 Ng6 21. g3 Rf6 22. Kh2 Ne7 23. Bg2 Be4 24. Nxe4 fxe4 25. Bf1 Qf7 26. a4 h6 27. f5 Bc7 28. g4 Nd3 29. Bxd3 exd3 30. Ne6 Nxf5 31. gxf5 Rxf5 32. Nf4 d5 33. Rf1 g5 34. cxd5 Bxf4+ 35. Bxf4 Rxc1 36. Rxc1 Rxf4 37. Qe3 d2 38. Rd1 Rf3 39. Qe5 Qd7 40. Kg1 Rxh3 41. Kf2 Rd3 0-1

[Event "BCF-ch 81st"]
[Site "Norwich"]
[Date "1994.??.??"]
[Round "1"]
[White "McElligott, Gerry"]
[Black "Cummings, David"]
[Result "0-1"]
[WhiteElo "2200"]
[BlackElo "2415"]
[PlyCount "58"]
[GameId "1165542651146240"]
[EventDate "1994.08.??"]
[EventType "swiss"]
[EventRounds "11"]
[EventCountry "ENG"]
[SourceTitle "EXT 2000"]
[Source "ChessBase"]
[SourceDate "1999.11.18"]
[SourceVersion "1"]
[SourceVersionDate "1999.11.18"]
[SourceQuality "1"]

1. Nf3 Nf6 2. g3 g6 3. Bg2 Bg7 4. O-O O-O 5. d3 d6 6. e4 c5 7. Nbd2 Nc6 8. a4 Rb8 9. Re1 b6 10. Nc4 Nd7 11. c3 Ba6 12. Na3 Nde5 13. Bf1 Nxf3+ 14. Qxf3 Qd7 15. Qd1 d5 16. Nb5 Rbd8 17. Bf4 Bb7 18. Qe2 e5 19. Bg5 f6 20. Be3 a6 21. Na3 f5 22. Bg5 Rde8 23. exd5 Qxd5 24. Bg2 Qxg2+ 25. Kxg2 Nd4+ 26. f3 Nxe2 27. Rxe2 h6 28. Be3 f4 29. Bf2 fxg3 0-1

[Event "BCF-ch 81st"]
[Site "Norwich"]
[Date "1994.??.??"]
[Round "2"]
[White "Cummings, David"]
[Black "Watson, William N"]
[Result "0-1"]
[WhiteElo "2415"]
[BlackElo "2525"]
[PlyCount "84"]
[GameId "1166638528905216"]
[EventDate "1994.08.??"]
[EventType "swiss"]
[EventRounds "11"]
[EventCountry "ENG"]
[SourceTitle "EXT 2000"]
[Source "ChessBase"]
[SourceDate "1999.11.18"]
[SourceVersion "1"]
[SourceVersionDate "1999.11.18"]
[SourceQuality "1"]

1. d4 d6 2. c4 e5 3. Nf3 e4 4. Ng5 f5 5. Nc3 c6 6. d5 Be7 7. Nh3 Nf6 8. e3 O-O 9. Be2 Nbd7 10. b3 Ne5 11. Bb2 Nfg4 12. Qd2 Bh4 13. g3 Be7 14. Ng1 g5 15. Nd1 Ng6 16. h3 N4e5 17. Nc3 c5 18. O-O-O a6 19. f4 exf3 20. Nxf3 Nxf3 21. Bxf3 b5 22. Be2 b4 23. Na4 Bd7 24. Qc2 Bxa4 25. bxa4 Bf6 26. Bd3 Bxb2+ 27. Kxb2 Qf6+ 28. Kb1 Ne5 29. Rhf1 Nxd3 30. Qxd3 Rae8 31. g4 f4 32. exf4 gxf4 33. Rde1 Rxe1+ 34. Rxe1 f3 35. Rf1 Qf4 36. Kc2 f2 37. Kd1 Re8 38. Qd2 Qf3+ 39. Kc1 Re2 40. Qg5+ Kf7 41. Qh5+ Kf8 42. Qh6+ Ke8 0-1

[Event "BCF-ch 81st"]
[Site "Norwich"]
[Date "1994.??.??"]
[Round "3"]
[White "Harley, Andrew D"]
[Black "Cummings, David"]
[Result "1-0"]
[WhiteElo "2290"]
[BlackElo "2415"]
[PlyCount "101"]
[GameId "1166638528983040"]
[EventDate "1994.08.??"]
[EventType "swiss"]
[EventRounds "11"]
[EventCountry "ENG"]
[SourceTitle "EXT 2000"]
[Source "ChessBase"]
[SourceDate "1999.11.18"]
[SourceVersion "1"]
[SourceVersionDate "1999.11.18"]
[SourceQuality "1"]

1. e4 c5 2. c3 a6 3. d4 cxd4 4. cxd4 d5 5. exd5 Nf6 6. Nc3 Nxd5 7. Bc4 Nxc3 8. bxc3 e6 9. Nf3 Be7 10. O-O Nc6 11. Re1 O-O 12. Bd3 g6 13. Bh6 Re8 14. Qd2 b5 15. h4 Bb7 16. h5 Bd6 17. hxg6 hxg6 18. Bg5 Qc7 19. Re4 Bf8 20. Rh4 Bg7 21. Bh6 Bf6 22. Rg4 Ne7 23. Bf4 Bxf3 24. Rxg6+ fxg6 25. Bxc7 Bd5 26. Qh6 Kf7 27. Qh7+ Bg7 28. Be5 Rg8 29. a4 Nf5 30. Bxf5 exf5 31. axb5 axb5 32. Rxa8 Bxa8 33. f3 Bd5 34. Kf2 Be6 35. Ke3 Bc4 36. g4 fxg4 37. fxg4 Bd5 38. g5 Be6 39. Ke4 Bf5+ 40. Kd5 Be6+ 41. Kc6 Bc4 42. d5 Rc8+ 43. Kb7 Rg8 44. d6 Be6 45. Kc6 Rc8+ 46. Kxb5 Rg8 47. Kc6 Rc8+ 48. Kb7 Rg8 49. Bxg7 Rxg7 50. Qxg7+ Kxg7 51. Kc7 1-0

[Event "BCF-ch 81st"]
[Site "Norwich"]
[Date "1994.??.??"]
[Round "4"]
[White "Cummings, David"]
[Black "Brown, Stuart C"]
[Result "1-0"]
[WhiteElo "2415"]
[BlackElo "2290"]
[PlyCount "79"]
[GameId "1166638529048576"]
[EventDate "1994.08.??"]
[EventType "swiss"]
[EventRounds "11"]
[EventCountry "ENG"]
[SourceTitle "EXT 2000"]
[Source "ChessBase"]
[SourceDate "1999.11.18"]
[SourceVersion "1"]
[SourceVersionDate "1999.11.18"]
[SourceQuality "1"]

1. d4 f5 2. Bg5 h6 3. Bh4 g5 4. e4 Bg7 5. Bg3 fxe4 6. Be2 c5 7. Bh5+ Kf8 8. Ne2 cxd4 9. Nxd4 Qb6 10. c3 Bxd4 11. cxd4 Nf6 12. O-O Qxb2 13. Be5 d5 14. Nc3 Nc6 15. Bxf6 exf6 16. Nxd5 Bf5 17. Ne3 Bc8 18. d5 Ne5 19. Rb1 Qxa2 20. Qd4 Qa3 21. Qxe4 Kg7 22. Nf5+ Kg8 23. d6 Rh7 24. Ne7+ Rxe7 25. dxe7 Qxe7 26. f4 Qc5+ 27. Kh1 Qc4 28. Qe3 gxf4 29. Rxf4 Qd3 30. Qe1 Kg7 31. Rd1 Qb3 32. h3 Be6 33. Rb1 Qd5 34. Qg3+ Kh7 35. Rd1 Rg8 36. Qxg8+ Bxg8 37. Rxd5 Bxd5 38. Rxf6 Bc6 39. Re6 Nd3 40. Bg6+ 1-0

[Event "BCF-ch 81st"]
[Site "Norwich"]
[Date "1994.??.??"]
[Round "6"]
[White "Cummings, David"]
[Black "Buckley, Graeme N"]
[Result "1-0"]
[WhiteElo "2415"]
[BlackElo "2295"]
[PlyCount "75"]
[GameId "1166638529208320"]
[EventDate "1994.08.??"]
[EventType "swiss"]
[EventRounds "11"]
[EventCountry "ENG"]
[SourceTitle "EXT 2000"]
[Source "ChessBase"]
[SourceDate "1999.11.18"]
[SourceVersion "1"]
[SourceVersionDate "1999.11.18"]
[SourceQuality "1"]

1. d4 Nf6 2. c4 g6 3. Nc3 Bg7 4. e4 O-O 5. Be3 d6 6. f3 Nc6 7. Qd2 a6 8. Nge2 Rb8 9. h4 h5 10. O-O-O b5 11. Bg5 Qe8 12. Nd5 bxc4 13. Bxf6 exf6 14. g4 Bxg4 15. Qf4 Bc8 16. Nec3 f5 17. exf5 Bxf5 18. Bxc4 Qc8 19. Ne3 Qb7 20. Rh2 Bd7 21. Ncd5 Be6 22. Nf6+ Bxf6 23. Qxf6 Kh7 24. d5 Qb6 25. Qc3 Ne5 26. dxe6 fxe6 27. Rf1 Rxf3 28. Rxf3 Nxf3 29. Rf2 Nd4 30. Rf7+ Kg8 31. Rf6 Kg7 32. Rxe6 Rf8 33. Re7+ Kh8 34. Nd5 Qc5 35. Rxc7 Rf1+ 36. Bxf1 Qxd5 37. Rc4 Qh1 38. Qxd4+ 1-0

[Event "BCF-ch 81st"]
[Site "Norwich"]
[Date "1994.??.??"]
[Round "7"]
[White "Ferguson, Mark"]
[Black "Cummings, David"]
[Result "1-0"]
[WhiteElo "2290"]
[BlackElo "2415"]
[PlyCount "63"]
[GameId "1166638529286144"]
[EventDate "1994.08.??"]
[EventType "swiss"]
[EventRounds "11"]
[EventCountry "ENG"]
[SourceTitle "EXT 2000"]
[Source "ChessBase"]
[SourceDate "1999.11.18"]
[SourceVersion "1"]
[SourceVersionDate "1999.11.18"]
[SourceQuality "1"]

1. e4 c5 2. Nf3 e6 3. d4 cxd4 4. Nxd4 Nc6 5. Nb5 d6 6. c4 Nf6 7. N1c3 a6 8. Na3 Be7 9. Be2 O-O 10. O-O b6 11. Be3 Bb7 12. Qb3 Nd7 13. Rac1 Nc5 14. Qc2 Bf6 15. Rfd1 Qc7 16. f3 Rac8 17. Bf1 Qb8 18. Qf2 Rfe8 19. Kh1 Ba8 20. Nab1 Ne5 21. Na3 Ng6 22. b4 Nd7 23. Na4 Bd8 24. c5 b5 25. Rxd6 bxa4 26. Rxd7 Bc6 27. Rdd1 Bc7 28. Bxa6 Bxh2 29. Bxc8 Qe5 30. Nc4 Qh5 31. g4 Qh3 32. Qg2 1-0

[Event "BCF-ch 81st"]
[Site "Norwich"]
[Date "1994.??.??"]
[Round "8"]
[White "Cummings, David"]
[Black "Knox, David"]
[Result "1/2-1/2"]
[WhiteElo "2415"]
[BlackElo "2210"]
[PlyCount "34"]
[GameId "1166638529355776"]
[EventDate "1994.08.??"]
[EventType "swiss"]
[EventRounds "11"]
[EventCountry "ENG"]
[SourceTitle "EXT 2000"]
[Source "ChessBase"]
[SourceDate "1999.11.18"]
[SourceVersion "1"]
[SourceVersionDate "1999.11.18"]
[SourceQuality "1"]

1. d4 Nf6 2. c4 g6 3. Nc3 d5 4. Nf3 Bg7 5. Bg5 dxc4 6. e4 c5 7. d5 Qa5 8. Bd2 b5 9. e5 Ng4 10. d6 exd6 11. Ne4 Qb6 12. Nxd6+ Ke7 13. Qe2 Be6 14. Bg5+ f6 15. exf6+ Nxf6 16. O-O-O Rd8 17. Bf4 Nh5 1/2-1/2

[Event "BCF-ch 81st"]
[Site "Norwich"]
[Date "1994.??.??"]
[Round "9"]
[White "Stephenson, F Norman"]
[Black "Cummings, David"]
[Result "1-0"]
[WhiteElo "2245"]
[BlackElo "2415"]
[PlyCount "71"]
[GameId "1166638529482752"]
[EventDate "1994.08.??"]
[EventType "swiss"]
[EventRounds "11"]
[EventCountry "ENG"]
[SourceTitle "EXT 2000"]
[Source "ChessBase"]
[SourceDate "1999.11.18"]
[SourceVersion "1"]
[SourceVersionDate "1999.11.18"]
[SourceQuality "1"]

1. d4 Nf6 2. c3 g6 3. Bg5 Bg7 4. Nd2 d5 5. e3 O-O 6. Bd3 b6 7. f4 Ba6 8. Qe2 Bxd3 9. Qxd3 c5 10. Ngf3 Nc6 11. O-O cxd4 12. exd4 e6 13. Ne5 Qc7 14. Qh3 b5 15. Qh4 Nd7 16. Rf3 f6 17. Nxc6 Qxc6 18. Bh6 Bxh6 19. Qxh6 b4 20. Re1 bxc3 21. bxc3 Rae8 22. h4 Rf7 23. h5 Nf8 24. Rfe3 Rg7 25. Nf3 Qc7 26. Nh2 gxh5 27. Qxh5 Qf7 28. Qh3 Rb8 29. Ng4 Qg6 30. Nh6+ Kh8 31. f5 exf5 32. Nxf5 Rgb7 33. Rg3 Qf7 34. Nh6 Qg6 35. Rxg6 Nxg6 36. Qf3 1-0

[Event "BCF-ch 81st"]
[Site "Norwich"]
[Date "1994.??.??"]
[Round "11"]
[White "Tebb, David"]
[Black "Cummings, David"]
[Result "1/2-1/2"]
[WhiteElo "2295"]
[BlackElo "2415"]
[PlyCount "30"]
[GameId "1166638529638400"]
[EventDate "1994.08.??"]
[EventType "swiss"]
[EventRounds "11"]
[EventCountry "ENG"]
[SourceTitle "EXT 2000"]
[Source "ChessBase"]
[SourceDate "1999.11.18"]
[SourceVersion "1"]
[SourceVersionDate "1999.11.18"]
[SourceQuality "1"]

1. e4 c5 2. Nc3 e6 3. g3 Nc6 4. Bg2 g6 5. d3 Bg7 6. f4 d6 7. Nf3 Nge7 8. O-O O-O 9. Be3 Nd4 10. e5 Nef5 11. Bf2 Nxf3+ 12. Qxf3 Nd4 13. Qd1 dxe5 14. fxe5 Rb8 15. Ne4 b6 1/2-1/2

[Event "Lloyds Bank op 18th"]
[Site "London"]
[Date "1994.??.??"]
[Round "1"]
[White "Brown, Simon D"]
[Black "Cummings, David"]
[Result "0-1"]
[WhiteElo "2295"]
[BlackElo "2415"]
[PlyCount "68"]
[GameId "1166638538833920"]
[EventDate "1994.08.??"]
[EventType "swiss"]
[EventRounds "10"]
[EventCountry "ENG"]
[SourceTitle "EXT 2000"]
[Source "ChessBase"]
[SourceDate "1999.11.18"]
[SourceVersion "1"]
[SourceVersionDate "1999.11.18"]
[SourceQuality "1"]

1. d4 Nf6 2. c4 g6 3. Nc3 Bg7 4. e4 O-O 5. f4 d6 6. Nf3 c5 7. d5 e6 8. Be2 exd5 9. cxd5 Bg4 10. O-O Nbd7 11. h3 Bxf3 12. Bxf3 Re8 13. g4 h6 14. h4 b5 15. g5 b4 16. gxf6 Nxf6 17. Qc2 bxc3 18. bxc3 Nh5 19. Bxh5 gxh5 20. Bb2 Qxh4 21. Rae1 Kh8 22. Re2 Qg3+ 23. Kh1 Qh3+ 24. Kg1 Rg8 25. Rg2 Bf6 26. Rff2 Qe3 27. c4 Rxg2+ 28. Kxg2 Rg8+ 29. Kf1 Bd4 30. Bxd4+ cxd4 31. c5 d3 32. Qc3+ Kh7 33. e5 Qe4 34. Rh2 Qf3+ 0-1

[Event "Lloyds Bank op 18th"]
[Site "London"]
[Date "1994.??.??"]
[Round "2"]
[White "Cummings, David"]
[Black "Petursson, Margeir"]
[Result "0-1"]
[WhiteElo "2415"]
[BlackElo "2540"]
[PlyCount "116"]
[GameId "1166638539120640"]
[EventDate "1994.08.??"]
[EventType "swiss"]
[EventRounds "10"]
[EventCountry "ENG"]
[SourceTitle "EXT 2000"]
[Source "ChessBase"]
[SourceDate "1999.11.18"]
[SourceVersion "1"]
[SourceVersionDate "1999.11.18"]
[SourceQuality "1"]

1. d4 d5 2. c4 c6 3. Nc3 Nf6 4. e3 g6 5. f4 Bg7 6. Nf3 O-O 7. Be2 c5 8. O-O cxd4 9. Nxd4 Nc6 10. cxd5 Nxd5 11. Nxd5 Nxd4 12. exd4 Qxd5 13. Be3 Bf5 14. Qb3 Qxb3 15. axb3 Be4 16. b4 Rfd8 17. Rfd1 Rd7 18. b5 b6 19. Kf2 e6 20. Bc4 Bd5 21. b3 Rc8 22. Ra4 h5 23. g3 Rdc7 24. Rda1 Bxc4 25. bxc4 Rxc4 26. Rxc4 Rxc4 27. Rxa7 Bxd4 28. Bxd4 Rxd4 29. Rb7 Rd2+ 30. Kf3 Rxh2 31. Rxb6 Rb2 32. Rb7 Kg7 33. b6 Kf6 34. Ke3 Rb3+ 35. Kf2 Rb5 36. Kf3 e5 37. fxe5+ Ke6 38. Kg2 Rxe5 39. Rc7 Rb5 40. b7 Rb3 41. Kh3 f6 42. Kg2 Kf5 43. Rc5+ Kg4 44. Rc4+ Kg5 45. Rc7 h4 46. gxh4+ Kxh4 47. Kf2 f5 48. Rc4+ Kh5 49. Rc7 g5 50. Ke2 Kg4 51. Kd2 f4 52. Kc2 Rb6 53. Kd3 Kg3 54. Ke4 f3 55. Rf7 g4 56. Ke3 Kg2 57. Rf4 Rb3+ 58. Ke4 Kg3 0-1

[Event "Lloyds Bank op 18th"]
[Site "London"]
[Date "1994.??.??"]
[Round "3"]
[White "Hunt, Adam"]
[Black "Cummings, David"]
[Result "1-0"]
[WhiteElo "2205"]
[BlackElo "2415"]
[PlyCount "81"]
[GameId "1166638539542528"]
[EventDate "1994.08.??"]
[EventType "swiss"]
[EventRounds "10"]
[EventCountry "ENG"]
[SourceTitle "EXT 2000"]
[Source "ChessBase"]
[SourceDate "1999.11.18"]
[SourceVersion "1"]
[SourceVersionDate "1999.11.18"]
[SourceQuality "1"]

1. e4 c5 2. Nf3 e6 3. d4 cxd4 4. Nxd4 Nc6 5. Nb5 d6 6. c4 Nf6 7. N1c3 a6 8. Na3 Be7 9. Be2 O-O 10. O-O b6 11. Be3 Bb7 12. Qb3 Nd7 13. Rfd1 Nc5 14. Qc2 Bf6 15. Nab1 Qc7 16. a3 Rac8 17. f4 Rfd8 18. Ra2 Qb8 19. b4 Nd7 20. Qd2 Be7 21. Qe1 Ba8 22. Nd2 Re8 23. Nb3 Nf6 24. Qf2 b5 25. c5 d5 26. e5 Ne4 27. Nxe4 dxe4 28. Nd4 Bd8 29. Nxc6 Bxc6 30. Bd4 Qb7 31. Bf1 Bd5 32. Rad2 Rf8 33. g3 f5 34. exf6 Bxf6 35. Bh3 Rce8 36. Bxf6 Rxf6 37. Qd4 Qf7 38. Qe5 Rh6 39. Bg2 Qf6 40. Rxd5 Qg6 41. Rd7 1-0

[Event "Lloyds Bank op 18th"]
[Site "London"]
[Date "1994.??.??"]
[Round "4"]
[White "Cummings, David"]
[Black "Brown, Rowan M"]
[Result "1-0"]
[WhiteElo "2415"]
[BlackElo "2135"]
[PlyCount "41"]
[GameId "1166638539792384"]
[EventDate "1994.08.??"]
[EventType "swiss"]
[EventRounds "10"]
[EventCountry "ENG"]
[SourceTitle "EXT 2000"]
[Source "ChessBase"]
[SourceDate "1999.11.18"]
[SourceVersion "1"]
[SourceVersionDate "1999.11.18"]
[SourceQuality "1"]

1. d4 Nf6 2. c4 c5 3. d5 b5 4. cxb5 a6 5. Nc3 axb5 6. e4 b4 7. Nb5 d6 8. Bf4 g5 9. e5 gxf4 10. exf6 e5 11. dxe6 Bxe6 12. Qf3 Rxa2 13. Rxa2 Bxa2 14. Qb7 Bh6 15. Nxd6+ Kf8 16. Nf5 Bg5 17. Qa7 Qc8 18. Qe7+ Kg8 19. h4 h5 20. Nd6 Qc6 21. Qd8+ 1-0

[Event "Lloyds Bank op 18th"]
[Site "London"]
[Date "1994.??.??"]
[Round "5"]
[White "Mah, Karl"]
[Black "Cummings, David"]
[Result "0-1"]
[WhiteElo "2175"]
[BlackElo "2415"]
[PlyCount "104"]
[GameId "1166638540255232"]
[EventDate "1994.08.??"]
[EventType "swiss"]
[EventRounds "10"]
[EventCountry "ENG"]
[SourceTitle "EXT 2000"]
[Source "ChessBase"]
[SourceDate "1999.11.18"]
[SourceVersion "1"]
[SourceVersionDate "1999.11.18"]
[SourceQuality "1"]

1. e4 c5 2. Nf3 e6 3. d4 cxd4 4. Nxd4 Nc6 5. Nb5 d6 6. c4 Nf6 7. N1c3 a6 8. Na3 b6 9. Be3 Bb7 10. Be2 Be7 11. O-O Nb8 12. Qc2 Nbd7 13. f4 Rc8 14. Bf3 Qc7 15. Rac1 Qb8 16. g4 h6 17. Qe2 Qa8 18. Bf2 g5 19. fxg5 hxg5 20. Bg2 Ne5 21. h3 Qb8 22. Bd4 Rh7 23. Nab1 Nfd7 24. Nd2 Nc5 25. Bxe5 dxe5 26. b4 Nd7 27. a3 Nf8 28. Qe3 Bc6 29. Nf3 f6 30. Ne1 Ng6 31. Nd3 Nf4 32. Nxf4 exf4 33. Qd3 Rd8 34. Qc2 Qe5 35. Rcd1 Rxd1 36. Nxd1 f3 37. Bxf3 Rxh3 38. Rf2 Bd6 39. b5 Bc5 40. bxc6 Rxf3 41. Kf1 Bxf2 42. Nxf2 Qc5 43. Kg2 Rxa3 44. Qb2 e5 45. Qb1 Qxc6 46. Qh1 Qxc4 47. Qh8+ Ke7 48. Qb8 Ra2 49. Qb7+ Kf8 50. Qxb6 Qxe4+ 51. Kg1 Qe1+ 52. Kg2 Qxf2+ 0-1

[Event "Lloyds Bank op 18th"]
[Site "London"]
[Date "1994.??.??"]
[Round "6"]
[White "Cummings, David"]
[Black "O'Shaughnessy, Conor"]
[Result "1/2-1/2"]
[WhiteElo "2415"]
[BlackElo "2270"]
[PlyCount "80"]
[GameId "1166638540427264"]
[EventDate "1994.08.??"]
[EventType "swiss"]
[EventRounds "10"]
[EventCountry "ENG"]
[SourceTitle "EXT 2000"]
[Source "ChessBase"]
[SourceDate "1999.11.18"]
[SourceVersion "1"]
[SourceVersionDate "1999.11.18"]
[SourceQuality "1"]

1. d4 Nf6 2. c4 e6 3. Nc3 c5 4. d5 exd5 5. cxd5 d6 6. e4 g6 7. f4 Bg7 8. Bb5+ Nfd7 9. Bd3 O-O 10. Nf3 Nf6 11. O-O a6 12. a4 Bg4 13. h3 Bxf3 14. Qxf3 Nbd7 15. Be3 Re8 16. Bf2 Qc7 17. Kh1 Rab8 18. Rfe1 Re7 19. Rad1 Ree8 20. Bc4 Qa5 21. e5 dxe5 22. d6 b5 23. axb5 axb5 24. Bd5 b4 25. Ne4 Nxd5 26. Rxd5 exf4 27. Qxf4 Bxb2 28. Bh4 b3 29. Rf1 f5 30. Rxf5 Rxe4 31. Qxe4 gxf5 32. Qe6+ Kh8 33. Qxd7 Bd4 34. Qxf5 b2 35. Bf6+ Bxf6 36. Qxf6+ Kg8 37. Qe6+ Kh8 38. Qe5+ Kg8 39. Qg5+ Kh8 40. Qf6+ Kg8 1/2-1/2

[Event "Lloyds Bank op 18th"]
[Site "London"]
[Date "1994.??.??"]
[Round "7"]
[White "James, Dale R"]
[Black "Cummings, David"]
[Result "1/2-1/2"]
[WhiteElo "2235"]
[BlackElo "2415"]
[PlyCount "98"]
[GameId "1166638540783616"]
[EventDate "1994.08.??"]
[EventType "swiss"]
[EventRounds "10"]
[EventCountry "ENG"]
[SourceTitle "EXT 2000"]
[Source "ChessBase"]
[SourceDate "1999.11.18"]
[SourceVersion "1"]
[SourceVersionDate "1999.11.18"]
[SourceQuality "1"]

1. d4 Nf6 2. c4 g6 3. Nc3 Bg7 4. e4 d6 5. f3 O-O 6. Be3 Nbd7 7. Qd2 c5 8. d5 Ne5 9. h3 Nh5 10. Qf2 b5 11. g4 Nf6 12. cxb5 a6 13. f4 Ned7 14. g5 Nh5 15. b6 f5 16. gxf6 Rxf6 17. Qh4 Bh6 18. Nge2 Qf8 19. e5 Rf5 20. exd6 exd6 21. O-O-O Nxf4 22. Nxf4 Bxf4 23. Bxf4 Rxf4 24. Qe1 Nxb6 25. Kb1 Bf5+ 26. Ka1 Nd7 27. Bd3 Ne5 28. Bxf5 Qxf5 29. Rf1 Rf8 30. Rxf4 Qxf4 31. Qe2 c4 32. Qe4 Qh2 33. Qh4 Nd3 34. Rb1 Qf4 35. Qe7 Qe5 36. Qxe5 Nxe5 37. Ne4 Rf4 38. Nxd6 Rd4 39. Ne8 Kf7 40. Nc7 Ke7 41. Nxa6 Rxd5 42. Nb4 Rd2 43. a4 Kd6 44. Re1 Nd3 45. Nxd3 cxd3 46. Ka2 Rh2 47. Kb3 Rxh3 48. Kc3 Kd5 49. a5 Kc6 1/2-1/2

[Event "Lloyds Bank op 18th"]
[Site "London"]
[Date "1994.??.??"]
[Round "8"]
[White "Cummings, David"]
[Black "Allen, Andrew"]
[Result "0-1"]
[WhiteElo "2415"]
[BlackElo "2275"]
[PlyCount "116"]
[GameId "1166638541000704"]
[EventDate "1994.08.??"]
[EventType "swiss"]
[EventRounds "10"]
[EventCountry "ENG"]
[SourceTitle "EXT 2000"]
[Source "ChessBase"]
[SourceDate "1999.11.18"]
[SourceVersion "1"]
[SourceVersionDate "1999.11.18"]
[SourceQuality "1"]

1. d4 Nf6 2. c4 e6 3. Nc3 Bb4 4. e3 b6 5. Nge2 Ne4 6. f3 Bxc3+ 7. bxc3 Nf6 8. e4 d6 9. Ng3 Bb7 10. Bd3 c5 11. f4 O-O 12. O-O Nbd7 13. e5 Ne8 14. Qe2 g6 15. Ne4 Qc7 16. Bd2 Rd8 17. Rac1 a6 18. Qe3 b5 19. cxb5 c4 20. Bb1 axb5 21. Ng5 Ng7 22. Qh3 h5 23. Rce1 Rfe8 24. Qg3 Nf8 25. Be4 Nf5 26. Qh3 Nh7 27. Nxh7 Kxh7 28. exd6 Nxd6 29. Bxb7 Qxb7 30. g4 Kg7 31. f5 exf5 32. gxh5 Rxe1 33. Rxe1 Re8 34. Rf1 Rh8 35. h6+ Kh7 36. Bf4 Qd7 37. Be5 Rg8 38. Re1 Re8 39. Qh4 Ne4 40. Qh3 Qd5 41. Rf1 Re6 42. Qf3 Ra6 43. Rf2 Qa8 44. Rb2 Rxa2 45. Rxa2 Qxa2 46. d5 Qd2 47. d6 Nxd6 48. Bxd6 Qxd6 49. Qb7 Qd1+ 50. Kg2 Qc2+ 51. Kf1 Qxc3 52. Qxf7+ Kxh6 53. Qf8+ Qg7 54. Qb8 Qa1+ 55. Kf2 Qd4+ 56. Kg2 c3 57. Qf8+ Kh5 58. Qe8 Qe4+ 0-1

[Event "Lloyds Bank op 18th"]
[Site "London"]
[Date "1994.??.??"]
[Round "9"]
[White "Hastings, Jonathan"]
[Black "Cummings, David"]
[Result "0-1"]
[WhiteElo "2215"]
[BlackElo "2415"]
[PlyCount "76"]
[GameId "1166638541303808"]
[EventDate "1994.08.??"]
[EventType "swiss"]
[EventRounds "10"]
[EventCountry "ENG"]
[SourceTitle "EXT 2000"]
[Source "ChessBase"]
[SourceDate "1999.11.18"]
[SourceVersion "1"]
[SourceVersionDate "1999.11.18"]
[SourceQuality "1"]

1. e4 c5 2. c4 b6 3. Nc3 Bb7 4. d3 Nc6 5. f4 g6 6. Nf3 Bg7 7. g3 d6 8. Bg2 e6 9. Be3 Nf6 10. d4 O-O 11. d5 Na5 12. Nd2 exd5 13. cxd5 Ba6 14. Bf1 Bxf1 15. Kxf1 Re8 16. Kf2 b5 17. Nxb5 Nxe4+ 18. Nxe4 Rxe4 19. Nc3 Rb4 20. Bc1 Nc4 21. a3 Rb7 22. Qe2 Na5 23. Re1 Rab8 24. Ra2 Nb3 25. Kf1 Qd7 26. Kg2 Qf5 27. g4 Qf6 28. Be3 Qh4 29. Bf2 Qf6 30. Be3 Re8 31. Qf2 Rbe7 32. Re2 h6 33. Re1 Nc1 34. Rxc1 Rxe3 35. Raa1 Qe7 36. Rc2 Bd4 37. Rd1 Rxc3 38. Rxd4 Rxc2 0-1

[Event "Maidenhead op"]
[Site "Maidenhead"]
[Date "1995.??.??"]
[Round "?"]
[White "Cummings, David"]
[Black "Ansell, Simon"]
[Result "1/2-1/2"]
[WhiteElo "2375"]
[BlackElo "2320"]
[PlyCount "108"]
[GameId "1166638865956864"]
[EventDate "1995.??.??"]
[EventType "swiss"]
[EventRounds "5"]
[EventCountry "ENG"]
[SourceTitle "EXT 1998"]
[Source "ChessBase"]
[SourceDate "1997.11.17"]
[SourceVersion "1"]
[SourceVersionDate "1997.11.17"]
[SourceQuality "1"]

1. d4 Nf6 2. c4 c5 3. d5 b5 4. cxb5 a6 5. bxa6 g6 6. Nc3 Bxa6 7. e4 Bxf1 8. Kxf1 d6 9. Nf3 Bg7 10. g3 O-O 11. Kg2 Nbd7 12. h3 Ra7 13. Re1 Qa8 14. Bg5 Rb8 15. Rb1 Nb6 16. b3 h6 17. Bc1 Nfd7 18. Qd2 Rab7 19. Bb2 Nc8 20. Na4 Rb4 21. Bxg7 Kxg7 22. Qc3+ Nf6 23. Nd2 Na7 24. Nc4 Nb5 25. Qd3 Nd4 26. Nc3 Nd7 27. Ne2 Qxa2 28. Nxd4 Ne5 29. Ne6+ fxe6 30. Nxe5 dxe5 31. Qc3 Kf6 32. Qxc5 R4b5 33. Qc1 g5 34. Re3 Qa6 35. Rf3+ Kg6 36. Qc7 Qd6 37. Qxd6 exd6 38. dxe6 Re8 39. Rc1 Rxe6 40. Rc6 Rb4 41. Rd3 Rxe4 42. Rdxd6 Rxd6 43. Rxd6+ Kg7 44. Rb6 Re2 45. Kf3 Rb2 46. g4 Rc2 47. Ke3 Rc3+ 48. Ke4 Rxh3 49. f3 h5 50. gxh5 Rxh5 51. Kf5 Rh3 52. Kg4 Rh4+ 53. Kxg5 Rf4 54. Rb7+ Kf8 1/2-1/2

[Event "WLS-ch"]
[Site "Cardiff"]
[Date "1995.??.??"]
[Round "1"]
[White "Downey, Kevin"]
[Black "Cummings, David"]
[Result "0-1"]
[WhiteElo "2055"]
[BlackElo "2375"]
[PlyCount "66"]
[GameId "1166639016972288"]
[EventDate "1995.??.??"]
[EventType "swiss"]
[EventRounds "6"]
[EventCountry "WLS"]
[SourceTitle "EXT 2001"]
[Source "ChessBase"]
[SourceDate "2000.11.22"]
[SourceVersion "1"]
[SourceVersionDate "2000.11.22"]
[SourceQuality "1"]

1. c4 Nf6 2. Nf3 g6 3. Nc3 Bg7 4. e4 d6 5. d4 O-O 6. Be2 e5 7. Bg5 Qe8 8. dxe5 dxe5 9. Bxf6 Bxf6 10. Nd5 Bd8 11. O-O c6 12. Nc3 Nd7 13. Qd2 Nf6 14. a3 Nh5 15. g3 Bg4 16. Rad1 f5 17. Ne1 Bxe2 18. Qxe2 f4 19. g4 f3 20. Nxf3 Nf4 21. Qe3 Qe6 22. Kh1 Qxc4 23. Nxe5 Qe6 24. Nd7 Rf7 25. Nc5 Qxg4 26. Rg1 Qh5 27. Rd7 Be7 28. Nxb7 Raf8 29. Rg3 Bh4 30. Rxf7 Rxf7 31. Nd6 Bxg3 32. Qxg3 Rf8 33. Nc4 Nh3 0-1